Bytový dom

Salvato in:
Dettagli Bibliografici
Autore principale: Gejdoš, Marko (Autore)
Altri autori: Hulínová, Zdenka (Relatore della tesi)
Natura: Manoscritto Libro
Lingua:slovacco
Pubblicazione: 2025
Soggetti:
Accesso online:http://is.stuba.sk/zp/portal_zp.pl?podrobnosti=168659
CRZP
Tags: Aggiungi Tag
Nessun Tag, puoi essere il primo ad aggiungerne!!

MARC

LEADER 00000ntm a22000003a 4500
001 stuzp99273
003 SK-STU
005 20250722154026.7
007 ta
008 150427s2015----xo-----f-mn---000-0-slo-d
040 |a STU  |b slo 
041 0 |a slo 
100 1 |a Gejdoš, Marko  |u 010270  |4 aut  |U SvF Stavebná fakulta  |T SvF Katedra technológie stavieb  |X 115933  |U V270  |Y 28  |7 115933 
242 0 1 |a Residential house  |y eng 
245 1 0 |a Bytový dom 
260 |c 2025 
650 4 |a Vnútorný vodovod  |2 slo 
650 4 |a Bytový dom  |2 slo 
650 4 |a TMS  |2 slo 
650 4 |a Internal water supply  |2 eng 
650 4 |a TMS  |2 eng 
650 4 |a apartment building  |2 eng 
700 1 |a Hulínová, Zdenka  |u 010270  |k Z8  |4 ths  |U SvF Stavebná fakulta  |T SvF Katedra technológie stavieb  |X 853  |U V270  |Y 28  |7 A000000853 
856 4 |u http://is.stuba.sk/zp/portal_zp.pl?podrobnosti=168659 
856 4 |u https://opac.crzp.sk/?fn=detailBiblioForm&sid=C9A1C75A261DD259F989461E26A3  |z CRZP